000 02407 a2200217 4500
001 26391
005 20260407155543.0
008 260407a2014 arg spa d
003 AR-UNSa-BCEJYS
040 _aAR-UNSa-BCEJYS
_bspa
_cAR-UNSa-BCEJYS
080 _a349.2
_xDerecho del Trabajo
245 1 0 _aIntermediación laboral y sucesión de empleadores
020 _a978-987-01-1655-4
264 1 _aBuenos Aires :
_bErrepar
_c2014
300 _a299 p.
_c21 cm.
505 _a1. Fraude e interposición fraudulenta de persona. Obligaciones registrales y documentales / Matías M. Carellano - 2. La contratación irregular o fraudulenta mediante empresas de servicios eventuales / Ricardo D. Hierrezuelo - 3. Contratación de personal a través de empresas de servicios enventuales. Supuestos de intermediación legítima. Regulación legal. Requisitos. Rol de los sujetos / Federico de los Reyes -Pedro S. Pusineri - 4. Subcontratación aparente o intermediación encubierta / Agustín H. Carugo -Santiago Vallejos - 5. Trabajador autorizado para valerse de dependientes. Guía para la comprensión del ornitorrinco / Enrique Arias Gibert - 6. Auxiliares del trabajador como supuesto de intermediación a través de un dependiente (art. 28, LCT) / Andrés Abramovich - 7. Las pasantías educativas y el fraude en la intermediación laboral / Eugenia P. Khedayán - 8. El fraude en la intermediación laboral mediante la contatación de cooperativas de trabajo / Ana María Salas - 9. ¿Cuando estamos ante una "genuina" cooperativa de trabajo proveedora de mano de obra a terceros? / Oscar S. Fleitas - 10. El contrato de trabajo de equipos y el trabajo prestado por los integrantes de sociedades comerciales (arts. 101 y 102, LCT) / Nancy R. Rivelli - 11. El régimen de trabajo agrario y la solidaridad laboral. Proyecciones actuales / Cristián Requena - 12. Transferencia de establecimiento / Diana Dubra - 13. Efectos jurídicos del cambio de titularidad del establecimiento sobre los contratos de trabajo / Pablo Candal - 14. Responsabilidad solidaria de los sucesivos arrendatarios de un establecimiento / José D. Machado.
942 _cBK
590 _aniveau_biblio:m niveau_hierar:0
100 1 _aGarcía Vior, Andrea E.
856 4 1 _uhttps://biblioeco.unsa.edu.ar/pmb/images/libros/Intermediaci?n laboral y sucesi?n de empleadores Garc?a Vior, Andrea (2014).jpg
_yImagen de portada
_qimage/jpeg
999 _c1456
_d1456